000 00541nam a2200181Ia 4500
005 20250603145308.0
008 250603s9999 xx 000 0 und d
020 _a9781032473307
050 _aTJ 217.5 .M33/
100 _aEdited by Esteban Tlelo-Cuautle, Jose Martinez-Carranza, Everardo Inzunza-Gonzalez, and Enrique Efren Garcia-Guerrero.
245 0 _aMachine learning for complex and unmanned systems
260 _aBoca Raton
260 _bCRC Press
260 _c2024
300 _a367 p
650 _aBoca Raton
942 _cBK
999 _c41439
_d41439